| 000 | 00382nam a2200145Ia 4500 | ||
|---|---|---|---|
| 005 | 20250318143640.0 | ||
| 008 | 231217s9999 xx 000 0 und d | ||
| 020 | _a9788174465344 | ||
| 082 | _a658.82 MUR;1 R | ||
| 100 | _aMurthy, S N. Bhojanna, U. | ||
| 245 | 0 | _aAdvertising : an IMC perspective | |
| 260 |
_c2007 _bExcel Books _aNew Delhi |
||
| 300 | _axiii+418 | ||
| 942 | _cAA | ||
| 999 |
_c183451 _d183451 |
||